Statistics for Ballon D'or nominees 2022

Click here to take the quiz!

General Stats

  • This quiz has been taken 128 times
  • The average score is 23 of 30

Answer Stats

ClubAnswer% Correct
LiverpoolMohamed Salah
98%
Bayern MunichSadio Mane
96%
TottenhamHarry Kane
95%
Real MadridKarim Benzema
95%
Man CityKevin De Bruyne
95%
Man CityErling Haaland
94%
TottenhamHeung-Min Son
93%
LiverpoolVirgil Van Dijk
93%
PSGKylian Mbappe
92%
Man UnitedCristiano Ronaldo
91%
BarcelonaRobert Lewandowski
89%
Real MadridLuka Modric
88%
Real MadridThibaut Courtois
85%
Real MadridVinicius
85%
LiverpoolTrent Alexander-Arnold
84%
Bayern MunichJoshua Kimmich
80%
RB LeipzigChristopher Nkunku
73%
Real MadridCasemiro
72%
Man CityBernardo Silva
69%
AC MilanRafael Leao
69%
LiverpoolDarwin Nunez
68%
Man CityPhil Foden
68%
JuventusDusan Vlahovic
66%
Man CityJoao Cancelo
66%
LiverpoolLuis Diaz
64%
Man CityRiyad Mahrez
64%
LiverpoolFabinho
61%
AC MilanMike Maignan
58%
Real MadridAntonio Rudiger
53%
Borussia DortmundSebastien Haller
45%

Score Distribution

Percentile by Number Answered

Percent of People with Each Score

Your Score History

You have not taken this quiz